MDQL
is popping MORE tags! Check the
thread
!
Quizzes
Events
Quiz Creation
Community
Videos
Private Events
Remove Ads
Sign In
Join for FREE
Feedback
Dark Mode
Quiz Categories
Sports
Geography
Music
Movies
Television
Just For Fun
Miscellaneous
History
Literature
Language
Science
Gaming
Entertainment
Religion
Holiday
For Kids
Quiz Lab
Recent
Popular Today
Quiz Kudos Today
Editor Picks
Curator Picks
Quizzes by...
Day
Popularity
Type
Ratings
Length
Year
Community
Subscriptions
Recent Discussions
Orange Saloon
Badges
Playlists
Quests
Create
Leaderboards
Showdown
Live 5
Trivia Bingo
Activity
Puzzle Library
Sporcle Events
Private Events
Virtual Trivia
Globe League
Become a Host
Pub Owners
SporcleCon
Opinionation
Our Games
Videos
Blog
Mobile Apps
Partnerships
Remove Ads and Go Orange
Feedback
Geography
Country
Landmarks
City
State
Population
World
Capital
Continent
Flags
Europe
Africa
Asia
South America
North America
Oceania
Border
Canada
United Kingdom
Topography
United States
Geography
Country
Landmarks
City
State
Population
World
Capital
Continent
Flags
Europe
Africa
Asia
South America
North America
Oceania
Border
Canada
United Kingdom
Topography
United States
Random Quiz
Search Sporcle
×
Quiz Lab
Quiz Lab
Geography
Country
Type in answers that appear in a list
Type in answers that appear in a list
Classic
Best Score? Go Orange.
100 Least Populated Countries Stats
Can you name the 100 Least Populated Countries?
By
mrosser25
12m
100 Questions
5,115 Plays
5,115 Plays
5,115 Plays
Comments
Comments
Give Quiz Kudos
Give Quiz Kudos
-
- Ratings
hide this ad
Replay
Link that replays current quiz
Next Quiz
Link to next quiz in quiz playlist
You Got
0%
They Got
Avg Score
78%
Avg Friend Score
Upgrade to see
Score Distribution
Jump to the score distribution portion of the page
Score
0/100
Timer
12:00
0
Plays Today
Rank
Country
% Correct
1
Vatican City
96.4%
6
Monaco
89.8%
5
San Marino
89.8%
7
Liechtenstein
89.1%
11
Andorra
89.1%
32
Luxembourg
88.2%
24
Iceland
86.3%
42
Fiji
85.5%
3
Nauru
84.9%
2
Tuvalu
84.8%
58
Latvia
84.5%
47
Estonia
84.5%
8
Saint Kitts and Nevis
84.2%
29
Malta
84.1%
10
Dominica
83.8%
68
Lithuania
83.4%
4
Palau
83.4%
9
Marshall Islands
83.3%
57
Lesotho
82.6%
26
Belize
82.6%
25
Bahamas
82.5%
40
Guyana
82.4%
41
Qatar
82.4%
13
Seychelles
82.2%
23
Barbados
81.9%
31
Suriname
81.8%
85
Finland
81.8%
81
Norway
81.7%
43
Cyprus
81.6%
22
Samoa
81.6%
18
Tonga
81.4%
15
Saint Vincent and the Grenadines
81.2%
19
Saint Lucia
81.2%
54
Slovenia
81.2%
Rank
Country
% Correct
38
Bahrain
80.7%
35
Montenegro
80.6%
33
Solomon Islands
80.3%
52
Kosovo
80.2%
88
Denmark
80.1%
21
Vanuatu
80.1%
45
Trinidad and Tobago
80.1%
36
Bhutan
80%
65
Oman
80%
28
Maldives
79.9%
64
Panama
79.9%
60
Jamaica
79.9%
16
Micronesia
79.6%
14
Grenada
79.2%
46
Mauritius
79%
37
Djibouti
79%
12
Antigua and Barbuda
78.9%
17
Kiribati
78.7%
87
Slovakia
78.5%
72
Ireland
78.4%
39
Comoros
78.3%
59
Kuwait
78.3%
73
New Zealand
78.3%
61
Armenia
78.2%
74
Costa Rica
78.1%
75
Moldova
78%
79
Georgia
77.2%
27
Brunei
77%
55
Macedonia
76.9%
97
El Salvador
76.7%
92
Togo
76.6%
48
Swaziland
76.5%
69
Albania
76.3%
82
United Arab Emirates
76.2%
Rank
Country
% Correct
76
Croatia
76.1%
71
Lebanon
76.1%
99
Israel
76%
20
Sao Tome and Principe
75.7%
34
Equatorial Guinea
75.7%
50
Guinea-Bissau
75.4%
67
Uruguay
75.1%
44
Timor-Leste
75%
62
Mongolia
74.9%
51
The Gambia
74.3%
80
Singapore
74.2%
78
Bosnia and Herzegovina
73.9%
96
Paraguay
73.2%
100
Tajikistan
73%
95
Laos
72.6%
83
Turkmenistan
72.6%
90
Nicaragua
72.6%
89
Eritrea
72.6%
30
Cape Verde
72%
86
Kyrgyzstan
71.9%
93
Jordan
70.4%
49
Gabon
69.2%
66
Liberia
68.9%
91
Papua New Guinea
68.3%
84
Sierra Leone
67.8%
56
Namibia
67.6%
63
Mauritania
65.5%
53
Botswana
63.9%
98
Bulgaria
63%
77
Central African Republic
62.1%
94
Libya
57.3%
70
Republic of the Congo
56.3%
Quiz Playlist
Details
Report
Send in Message
Add To Playlist
Classic:
Type in answers that appear in a list
Quiz Source
Last Updated: May 4, 2018
Quiz Scoreboard
CHALLENGE
Sign Up to Join the Scoreboard
Show All
Scores
Hide
Comments
May contain spoilers
Recently Published
5x2 Blitz: Bands
by SL_Kpop136
Music
30s
Colored Red Africa Blitz
by spor1
Geography
30s
Find the 'City' Movie
by crazypaving
Movies
60s
More to Explore
Quiz From the Vault
Featured Blog Post
14 Easter Pick-up Lines to Find Eggs With
hide this ad
You Might Also Like...
Tags
Country Quiz
Population Quiz
100
least
Today's Top Quizzes in Geography
Browse Geography
hide this ad
Today's Top Quizzes in Country
Browse Country
Top Contributed Quizzes in Geography
1
Countries of the World - No Outlines Minefield
2
Colored Red Europe Blitz I
3
Colored Red Africa Blitz II
4
Colored Red Europe Blitz II
5
Colored Red Africa Blitz III
6
Colored Red Europe Blitz III
7
Colored Red States Blitz I
8
African Flag Reveal XLVI
9
Colored Red States Blitz II
10
Colored Red States Blitz III
Explore More
Trending Topics
Anime
Crossword
Harry Potter
Disney
NBA
Marvel
Kpop
The Office
Soccer
Song
Puzzle
Country
Pokémon
NFL
WWE
hide this ad
More By:
mrosser25
Quiz
Plays
Rating
Category
Featured
Created
100 Least Populated Countries
5,115
4.46
Geography
Feb 15, 2010
90's Nickelodeon Shows
2,958
3.17
Television
Sep 24, 2009
Country by Largest City
2,677
4.41
Geography
Oct 15, 2009
24 Characters Most Episodes
1,286
4.44
Television
Oct 9, 2009
Offspring Songs
841
3.05
Music
Oct 7, 2009
Go to Creator's Profile
Score Distribution
Quiz Creator Spotlight
mrosser25
Follow
Send a Message
Quizzes Created
-
Created Quiz Play Count
-
More By This Creator
Popular Quizzes Today
1
Colored Red Africa Blitz
2
Find the 'City' Movie
3
Find the US States - No Outlines Minefield
4
5x2 Blitz: Bands
5
The Countries of the World
6
Find the US States
7
Find the Countries of Europe - No Outlines Minefield
8
US States
More Geography Quizzes
Flaggen Europas
Quiz Lab
Trending Quizzes
Colored Red Europe Blitz I
Colored Red Europe Blitz II
Colored Red Africa Blitz II
Colored Red Europe Blitz III
Colored Red Africa Blitz III
Recently Updated
How Do You Spell That?
pecheneg
Godzilla Movies
pecheneg
Grab Bag: 4-10 Letters
pecheneg
2024 March Madness Bracket
pecheneg
Famous TV Couples
Peacemaker
Champions League XIs: Real Madrid
pecheneg
Largest US Cities 1790-2010
pecheneg
Rides in Walt Disney World
pecheneg
Most Oscar Losses (Acting)
pecheneg
Beyoncé Albums
pecheneg
Trending Topics
Harry Potter
NBA
Disney
Anime
Kpop
Crossword
Marvel
NFL
The Office
Puzzle
Country
Song
Soccer
Pokémon
WWE
Your Account Isn't Verified!
In order to create a playlist on Sporcle, you need to verify the email address you used during registration. Go to your
Sporcle Settings
to finish the process.
Report this User
Report this user for behavior that violates our
Community Guidelines
.
Details:
Send Report
Go to the Sporcle.com Mobile Site →
Comments